| 000 | 01174nam a2200277Ia 4500 | ||
|---|---|---|---|
| 003 | OSt | ||
| 005 | 20240717165035.0 | ||
| 008 | 130821s2012 ck gr spa | ||
| 020 | _a9789588366593 | ||
| 040 |
_cSandra Palacio (modificó) _dAldemar Mondragón (modificó) _bspa _aCO-BoUCM |
||
| 041 | 0 | 0 | _aspa |
| 082 | 0 | 4 |
_a860.9 _bS195 |
| 100 | 1 |
_aSanín Cano, Baldomero _92843 _d1861-1957 |
|
| 245 | 1 | 1 |
_a¿Existe una literatura hispanoamericana? / _cBaldomero Sanín Cano. |
| 260 | 3 |
_aMedellín (Antioquia, Colombia) : _bEdiciones UNAULA, _c2012. |
|
| 300 |
_a75 p. ; _c23 cm. |
||
| 490 | 0 |
_aCuadernos de Cultura Latinoamericana _v2 |
|
| 504 | _aIncluye índice. | ||
| 505 | 1 | 0 | _aBaldomero Sanín Cano: Precursor y enigma -- El descubrimiento de América y la higiene -- Jorge Brandes -- ¿Existe una literatura hispanoamericana? -- Porvenir del Castellano -- Silva. Una consagración |
| 546 | _aEspañol | ||
| 650 | 1 | 7 |
_918669 _aLiteratura hispanoamericana |
| 650 | 2 | 7 |
_aLiteratura latinoamericana _xHistoria y crítica _918701 |
| 690 |
_aLiteratura colombiana _918629 |
||
| 710 | 2 |
_aUniversidad Autónoma Latinoamericana _928059 |
|
| 942 |
_cBK _2ddc _h860.9 S195 |
||
| 999 |
_c1836 _d1836 |
||